书目信息 |
| 题名: |
固结有限层理论与应用
|
|
| 作者: | 梅国雄 , 宰金珉 著 | |
| 分册: | ||
| 出版信息: | 北京 科学出版社 2006.06 |
|
| 页数: | 232页 | |
| 开本: | 23cm | |
| 丛书名: | ||
| 单 册: | ||
| 中图分类: | TU473.1 | |
| 科图分类: | ||
| 主题词: | 固结理论--gu jie li lun--应用--桩基础 | |
| 电子资源: | ||
| ISBN: | 7-03-016798-8 | |
| 000 | 01042nam0 2200241 450 | |
| 001 | 012007820345 | |
| 005 | 20070510094507.43 | |
| 010 | @a7-03-016798-8@b精装@dCNY36.00 | |
| 100 | @a20070408d2006 km y0chiy0120 ea | |
| 101 | 0 | @achi |
| 102 | @aCN@b110000 | |
| 105 | @aa z 000yy | |
| 200 | 1 | @a固结有限层理论与应用@Agu jie you xian ceng li lun yu ying yong@d= Theory and application of consolidation finite layer@f梅国雄, 宰金珉著@Fmei guo xiong,zai jin min zhu@zeng |
| 210 | @a北京@c科学出版社@d2006.06 | |
| 215 | @a232页@c图@d23cm | |
| 330 | @a本书较为全面、系统地阐述了固结有限层理论与应用。全书共分三篇十章:理论篇(第一章至第四章)在详细分析国内外固结有限层研究现状的基础上,建立横观各向同性比奥固结有限层分析方法、有限层非线性分析方法和固结。 | |
| 510 | 1 | @aTheory and application of consolidation finite layer@zeng |
| 606 | 0 | @a固结理论@Agu jie li lun@x应用@x桩基础 |
| 690 | @aTU473.1@v4 | |
| 701 | 0 | @a梅国雄@Amei guo xiong@4著 |
| 701 | 0 | @a宰金珉@Azai jin min@4著 |
| 801 | 0 | @aCN@c20070510 |
| 905 | @a10447@dTU473.1@eM442 | |
| 固结有限层理论与应用= Theory and application of consolidation finite layer/梅国雄, 宰金珉著.-北京:科学出版社,2006.06 |
| 232页:图;23cm |
| ISBN 7-03-016798-8(精装):CNY36.00 |
| 本书较为全面、系统地阐述了固结有限层理论与应用。全书共分三篇十章:理论篇(第一章至第四章)在详细分析国内外固结有限层研究现状的基础上,建立横观各向同性比奥固结有限层分析方法、有限层非线性分析方法和固结。 |
| ● |
| 相关链接 |
|
|
|
正题名:固结有限层理论与应用
索取号:TU473.1/M442
 
预约/预借
| 序号 | 登录号 | 条形码 | 馆藏地/架位号 | 状态 | 备注 |
| 1 | 239880 | 202398805 | 建筑库101/101建筑库 98排3列1层/ [索取号:TU473.1/M442] | 在馆 | |
| 2 | 239881 | 202398814 | 建筑库101/101建筑库 98排3列1层/ [索取号:TU473.1/M442] | 在馆 | |
| 3 | 239882 | 202398823 | 建筑库101/101建筑库 98排3列1层/ [索取号:TU473.1/M442] | 在馆 |